000 00297nam a22001337a 4500
008 181220b xxu||||| |||| 00| 0 eng d
020 _a9780130124814
041 _aeng
080 _23rd
_a820
100 _a21
101 _aGJL
245 _aLiterature and Society
_cAnnas,P,J
942 _2udc
_cBK
999 _c53572
_d53572